| 000 | 01049nam a2200241 a 4500 | ||
|---|---|---|---|
| 001 | 41426 | ||
| 003 | BD-RjUL | ||
| 005 | 20211209053403.0 | ||
| 008 | 160530s1948 ii ||||| |||| 001 0 ben d | ||
| 035 | _a(BD-RjUL)41544 | ||
| 040 |
_aBD-RjUL _bben _cBD-RjUL |
||
| 041 | _aben | ||
| 041 | _aeng | ||
| 082 |
_223 _a891.4409 _bGUP 1948 |
||
| 100 |
_aগুপ্ত, তমোনাশ চন্দ্র দাশ _9127349 |
||
| 245 | 1 | 0 |
_aপ্রাচীন বাঙ্গালা সাহিত্যের কথা / _c তমোনাশ চন্দ্র দাশ গুপ্ত |
| 260 |
_aকলিকাতা : _bকলিকাতা বিশ্ববিদ্যালয়, _c১৯৪৮ |
||
| 300 |
_a[৫৮], ২৮০ পৃ. ; _c২১ সেমি. |
||
| 500 | _aনির্ঘন্ট সম্বলিত | ||
| 650 |
_aবাংলা সাহিত্য _xইতিহাস ও সমালোচনা _9127350 |
||
| 650 |
_aBengali Literature _xHistory & Criticism _9127351 |
||
| 942 |
_2ddc _cBK |
||
| 999 |
_c41426 _d41426 |
||